000 00533nam a2200157Ia 4500
008 240126s9999 xx 000 0 und d
041 _aEnglish
082 _aPRIS07-1253
100 _aKatta, Ayush Gaurav Shrivastava Rohan Kumar
245 2 _aA Plugin to Integrate SLPK/SHPK Using Eclipse [electronic resource : Project Report]
_bManjula R
260 _bPESIT, Dept. of IS,
_aBangalore
440 _aNULL
650 _aInformation Science
650 _aPlugin,Integrate,SLPK/SHPK,Using,Eclipse,:,Project,Report]
942 _cPR
999 _c256809
_d256809